Big data, machine learning y data science en Python (Registro nro. 21739)

Detalles MARC
000 -Cabecera
Campo de control interno 00777nam a2200241Ia 4500
005 - Fecha y hora del registro
control field 20260407115036.0
008 - Elementos de Longitud Fija
fixed length control field 260320s9999||||xx |||||||||||||| ||und||
020 ## - ISBN
ISBN 9789587925258
041 ## - Idioma
Codigo Idioma ESP
082 ## - DEWEY y NOTACIÓN INTERNA
Dewey 005.133
Notación Interna O73
100 ## - AUTOR
Autor denominación Ortega Candel, José Manuel,
Término de relación autor
245 #0 - TÍTULO DE MATERIAL BIBLIOGRÁFICO
Título Big data, machine learning y data science en Python
250 ## - EDICIÓN
Edición Primera edición
260 ## - CIUDAD, EDITORIAL, AÑO
Ciudad Bogotá :
Nombre de la Editorial Ediciones de la U,
Año 2023
300 ## - DESCRIPCIÓN
N° Páginas 406 páginas :
Otros detalles tablas, gráficos ;
Dimensiones 24 cm.
440 ## - MENCIÓN DE SERIE
Título de la Serie (Informática)
650 ## - TEMAS
Temas Generalidades
653 ## - DESCRIPTORES
Lenguajes no controlado Python (Lenguaje de programación)
654 ## - PROGRAMAS
Programa Dpto. de Computación
856 ## - URL - UBICACIÓN
URI/URL: Enlace exacto del recurso <a href="https://ieeexplore-ieee-org.ucsp.lookproxy.com/Xplore/home.jsp">https://ieeexplore-ieee-org.ucsp.lookproxy.com/Xplore/home.jsp</a>
Nota pública: Versión digital <a href="Véase además: Base de datos IEEE Xplore">Véase además: Base de datos IEEE Xplore</a>
942 ## - ELEMENTOS DE KOHA
Tipo de documento Libro
Nombre del creador Justo Noguera
Código de catalogador Margarita Torres
Esquema de clasificación Dewey Decimal Classification
Existencias
Codigo completo Registro Colección Copia número Disponibilidad Tipo de préstamo Biblioteca Actual Procedencia (Biblioteca) Ubicacón Fecha Ingreso Tipo de Adquisición Date last seen Total checkouts Price effective from Tipo de Item Estado del Material Fuente de Clasificación Damaged status Withdrawn status
005.133 O73 1085292 Universidad Católica San Pablo 1 Disponible Disponible Víctor Andrés Belaunde Víctor Andrés Belaunde Segundo piso 07/04/2026 Compra 07/04/2026   07/04/2026 Libro Bueno Dewey Decimal Classification